00659 2200253 4500001002100000005001500021035002000036007000300056008004100059020002200100082001000122084001400132100002800146245006000174250001000234260003700244300003000281650001200311700001900323700001100342520003000353990001100383990001100394INLIS00000000000292720190119105745 a0010-0119000279ta190119 g 0 ind  a978-602-7760-66-0 a641.5 a641.5 KIT0 aKITAB, Jus Buah & Sayur1 aKitab Jus Buah & Sayur /cRedaksi Sehat; editor, Muzaki acet.5 aYogyakarta :bSecond Hope,c2017 a306 hlm. :bilus ;c23 cm aMINUMAN0 aREDAKSI, Sehat0 aMUZAKI aBibliografi: hlm. 303-306 a6401 a a6401 b